01268cam a2200253 a 4500001000500000005001700005020001800022040002300040050002200063082001200085100002100097245014000118250002500258260003500283300004600318505000800364520045800372521002100830521002000851650004100871650004300912650004200955700001700997275120240116145226.0 a9780545568456 aDLCcDLCdDLCbeng00aQC981.8.G56b201200a363.7381 aArnold, Caroline12aA warmer world :bfrom polar bears to butterflies, how climate change affects wildlife /cCaroline Arnold ; illustrated by Jamie Hogan. aPrinted in the U.S.A aNew York :bScholastic, c2012 a31 pages :bcolor illustrations ;c26 cm. aZ  aOver the past several decades, our world has been warming at a faster rate than ever before. Winters are shorter. Sea levels have risen. Territories of predators and prey have shifted. To survive in this new environment, animals everywhere have had to adapt, or face extinction. Complemented by Jamie Hogan's rich collage illustrations, A Warmer World offers young readers a clear-eyed look at the effects of climate change on animals around the world-- a1110 bLexile  aZ bRaz-Plus  0aGlobal warmingvJuvenile literature. 0aClimatic changesvJuvenile literature. 0aWildlife resourcesxClimatic factors.1 aHogan, Jamie